Site dance : choreographers and the lure of alternative spaces /

Bibliographic Details
Other Authors: Pavlik, Carolyn, Kloetzel, Melanie
Format: eBook
Language:English
Published: Gainesville : University Press of Florida, [2009]
Subjects:
Online Access:Connect to the full text of this electronic book

MARC

Tag First Indicator Second Indicator Subfields
LEADER 00000cam a22000004a 4500
001 in00003385911
005 20190405181444.0
006 m o d
007 cr |||||||nn|n
008 090609s2009 flu o d eng d
010 |z  2009022469 
020 |a 9780813045900 
020 |z 9780813034003 (alk. paper) 
020 |z 0813034000 (alk. paper) 
020 |z 9780813036939 
020 |z 0813036933 
035 |a (MdBmJHUP)muse9780813045900 
040 |a MdBmJHUP  |c MdBmJHUP  |d UtOrBLW 
043 |a n-us--- 
050 0 0 |a GV1785.A1  |b S58 2009 
245 0 0 |a Site dance :  |b choreographers and the lure of alternative spaces /  |c edited by Melanie Kloetzel and Carolyn Pavlik. 
264 1 |a Gainesville :  |b University Press of Florida,  |c [2009] 
264 4 |c ©2009 
300 |a 1 online resource (xviii, 316 pages :) :  |b illustrations 
336 |a text  |b txt  |2 rdacontent 
337 |a computer  |b c  |2 rdamedia 
338 |a online resource  |b cr  |2 rdacarrier 
504 |a Includes bibliographical references and index. 
588 |a Description based on print version record. 
500 |a Electronic resource. 
650 0 |a Dance  |x Stage-setting and scenery. 
650 0 |a Choreography. 
650 0 |a Choreographers  |z United States  |v Interviews. 
655 7 |a Electronic books.  |2 local 
700 1 |a Pavlik, Carolyn. 
700 1 |a Kloetzel, Melanie. 
856 4 0 |u http://proxy.library.tamu.edu/login?url=http://muse.jhu.edu/books/9780813045900/  |z Connect to the full text of this electronic book  |t 0 
999 |a MARS 
999 f f |s 1a02ae77-b88c-31ba-a972-4100a24054b1  |i 2751b231-38a3-314f-9450-2334a3d773c0  |t 0 
952 f f |a Texas A&M University  |b College Station  |c Electronic Resources  |d Available Online  |t 0  |e GV1785.A1 S58 2009  |h Library of Congress classification 
998 f f |a GV1785.A1 S58 2009  |t 0  |l Available Online